|
|
|
|
| LEADER |
00000cam a2200000 a 4500 |
| 001 |
vtls009491708 |
| 003 |
SK-MaSNL |
| 005 |
20260302080518.0 |
| 008 |
240318s2007 xo ol d 000 0 slo |
| 015 |
|
|
|a SNBA2009/05-02474
|
| 020 |
|
|
|a 9788089089697
|q (viaz.)
|
| 035 |
|
|
|a C7397646-5254-4A96-BC8A-C991AA89C863
|
| 035 |
|
|
|a urn:nbn:sk:snk-amk8bl
|
| 035 |
|
|
|a urn:nbn:sk:snk-am008cdz
|
| 040 |
|
|
|a SNK
|b slo
|c SNK
|e AACR2
|
| 041 |
0 |
|
|a slo
|b eng
|b ger
|b hun
|
| 043 |
|
|
|a e-xo---
|
| 044 |
|
|
|a xo
|c SK
|
| 072 |
|
7 |
|a 271/279
|x Kresťanské cirkvi, sekty, denominácie
|2 konspekt
|
| 080 |
|
|
|a 27-774
|2 2001
|
| 080 |
|
|
|a 272-528.8-726.6
|2 2001
|
| 080 |
|
|
|a 272-528.8
|2 2001
|
| 080 |
|
|
|a 27-72-77
|2 2001
|
| 080 |
|
|
|a (437.6)
|2 2001
|
| 080 |
|
|
|a (048.8)
|2 2001
|
| 080 |
|
|
|a 2-6
|2 2001
|
| 100 |
1 |
|
|a Szeghy, Gabriel,
|d 1982-
|4 aut
|9 267184
|
| 245 |
1 |
0 |
|a Košickí gréckokatolíci
|b dejiny farnosti v rokoch 1797-1950
|c Gabriel Szeghy, Peter Jambor
|
| 250 |
|
|
|a 1. vyd.
|
| 260 |
|
|
|a Košice
|b Gréckokatolícky farský úrad
|c 2007
|
| 300 |
|
|
|a 194 s.
|b fotogr., tab.
|c 24 cm
|
| 366 |
|
|
|e 700 výt.
|
| 504 |
|
|
|a Bibliogr. s. 186-190. Pozn.
|
| 546 |
|
|
|a Res. angl., maď. a nem.
|
| 610 |
2 |
7 |
|a Gréckokatolícka cirkev.
|b Farnosť (Košice, Slovensko)
|2 SNKKA
|9 744717
|
| 648 |
|
7 |
|a 1797-1950
|2 SNKPH
|9 744718
|
| 650 |
0 |
7 |
|a farnosti
|x dejiny
|2 SNKPH
|9 316779
|
| 650 |
0 |
7 |
|a gréckokatolíci
|2 SNKPH
|9 86906
|
| 650 |
0 |
7 |
|a gréckokatolícke cirkvi
|2 SNKPH
|9 75809
|
| 650 |
0 |
7 |
|a organizácia a štruktúra cirkvi
|2 SNKPH
|9 85696
|
| 651 |
|
7 |
|a Košice (Slovensko)
|2 SNKPH
|9 18694
|
| 655 |
|
7 |
|a monografie
|2 SNKPH
|9 70139
|
| 700 |
1 |
|
|a Jambor, Peter
|4 aut
|9 744719
|
| 919 |
|
|
|a 978-80-89089-69-7
|
| 958 |
|
|
|a NT
|
| 958 |
|
|
|a OND
|
| 968 |
|
|
|d 2
|
| 999 |
|
|
|c 1173395
|d 1175325
|
| 952 |
|
|
|a SNK
|b SNK
|y PREZ
|7 0
|p 17A0619117
|o snkSC 135287
|i snk2009/7070
|8 0
|0 0
|1 0
|4 0
|d 2009-04-14
|l 0
|r 2025-07-01 00:00:00
|w 2026-02-24
|
| 952 |
|
|
|a SNK
|b SNK
|y VYP
|7 0
|p 17A0619118
|o snkSC 135287 D1
|i snk2009/7072
|8 0
|0 0
|1 0
|4 0
|d 2009-04-14
|f 1
|l 0
|r 2026-02-24 21:12:19
|w 2026-02-24
|